| 000 | 00408nam a2200169Ia 4500 | ||
|---|---|---|---|
| 008 | 230524s9999 xx 000 0 und d | ||
| 020 | _a978817446569 | ||
| 082 |
_a658.12 _bIYE |
||
| 100 | _aVijaya Ragavan Iyengar | ||
| 245 | 0 | _aIntroduction to Banking | |
| 250 | _aIST | ||
| 260 |
_aNEW DELHI _bExcel _c2009 |
||
| 300 | _aIX;637 | ||
| 500 | _aQuantity Number: 2 | ||
| 650 | _aManagement | ||
| 942 | _cBK | ||
| 999 |
_c45983 _d45983 |
||